| 000 | 00000nas 2200000zi 4500 |
| 001 | 9.930143 |
| 003 | CaOODSP |
| 005 | 20231129100509 |
| 006 | m o d f |
| 007 | cr cn |||||||| |
| 008 | 231109d20172018oncar p o f0### 0eng|d |
| 020 | |z9780660238449|z9780660292007 |
| 040 | |aCaOODSP|beng|erda|cCaOODSP |
| 043 | |an-cn--- |
| 086 | 1 |aHP37-52E-PDF|zHP40-198/2017E-PDF|zHP40-198/2018E-PDF |
| 245 | 00|a... seasonal influenza vaccine coverage in Canada. |
| 264 | 1|aOttawa, ON : |bPublic Health Agency of Canada = Agence de la santé publique du Canada, |c2018-2019. |
| 310 | |aAnnual |
| 336 | |atext|btxt|2rdacontent |
| 337 | |acomputer|bc|2rdamedia |
| 338 | |aonline resource|bcr|2rdacarrier |
| 362 | 1 |aBegan with: 2016/2017; ceased with: 2017/2018. |
| 500 | |aIssued also in French under title: Couverture vaccinale contre la grippe saisonnière de ... au Canada. |
| 588 | |aDescription based on: 2016/2017; title from PDF title page. |
| 588 | |aLatest issue consulted: 2017/2018. |
| 650 | 0|aInfluenza|xVaccination|zCanada|vPeriodicals. |
| 650 | 0|aVaccination|zCanada|xPublic opinion|vPeriodicals. |
| 650 | 0|aHealth surveys|zCanada|vPeriodicals. |
| 655 | 7|aPeriodicals|2lcgft |
| 710 | 2 |aPublic Health Agency of Canada, |eissuing body. |
| 775 | 08|tCouverture vaccinale contre la grippe saisonnière de ... au Canada.|w(CaOODSP)9.930142 |
| 785 | 00|tSeasonal influenza vaccination coverage in Canada, ...|w(CaOODSP)9.930171 |
| 856 | 40|qHTML|sN/A|uhttps://www.canada.ca/en/public-health/services/immunization-vaccines/vaccination-coverage.html |